01222cam a22002651 4500001001300000003000400013005001700017008004100034010001700075040001800092043001200110050001800122082001600140245006600156260004800222300001800270500035600288500006900644610005100713651004400764700003200808700004100840700002400881710005100905sa 66004578 DLC20260227112243.0780519s1956 vm 000 0 eng  asa 66004578  aDLCcDLCdDLC aa-vt---00aDS560.6b.V5300a959.70421900aVietnam Fatherland Front and the struggle for national unity. aHanoi,bForeign Language Pub. House,c1956. a61 p.c19 cm. aConsists of an excerpt from the report made by Hoang Quoc Viet at the Congress of the National United Front, Sept., 1955, an excerpt from the report delivered by Pham Van Dong at the Fifth Session of the National Assembly, Sept., 1955, and a speech made by Troung Chinh at the Congress for the Foundation of the Viet-Nam Fatherland Front, Sept., 1955. a"Programme and statutes of the National United Front": p. 16-26.20aMặt trận tỏ̂ quó̂c Việt-Nam. 0aVietnam (Democratic Republic)xHistory.1 aHoàng, Quó̂c Việt.1 aPhạm, Văn Đò̂ng,d1906-2000.0 aTrường Chinh.2 aMặt trận tỏ̂ quó̂c Việt-Nam.